000 00505nam a2200181 a 4500
005 20210223125930.0
008 060522s2002 mx r 000 0 spa d
020 _a968790335X
035 _aUPN01000144588
049 _aCG
050 4 _aPC4420
_bM4.5
100 1 _aMéndez Martínez, Olga
_939222
245 1 0 _aLenguaje y expresión I /
_cOlga Méndez Martínez.
260 _aMéxico :
_bEdére,
_c2002.
300 _a314 p.
650 4 _aESPAÑOL -
_xCOMPOSICION Y EJERCICIOS
_96152
905 _aLibro
999 _c116735
_d116735